<?xml version="1.0" encoding="UTF-8"?>
<marc:record xmlns:marc="http://www.loc.gov/MARC21/slim">
   <marc:leader>00000nam a2200000 a 4500</marc:leader>
   <marc:datafield ind1="1" ind2=" " tag="100">
      <marc:subfield code="a">Henman, Granz</marc:subfield>
      <marc:subfield code="4">aut</marc:subfield>
      <marc:subfield code="e">Verfasser/-in</marc:subfield>
   </marc:datafield>
   <marc:datafield ind1="0" ind2="0" tag="245">
      <marc:subfield code="a">Teufelskicker</marc:subfield>
   </marc:datafield>
   <marc:datafield ind1="0" ind2="0" tag="245">
      <marc:subfield code="b">wir machen euch die Hölle heiß!</marc:subfield>
   </marc:datafield>
   <marc:datafield ind1=" " ind2="1" tag="264">
      <marc:subfield code="b">Universal</marc:subfield>
      <marc:subfield code="c">2010</marc:subfield>
   </marc:datafield>
   <marc:datafield ind1="1" ind2=" " tag="490">
      <marc:subfield code="a">Die Teufels Kicker</marc:subfield>
   </marc:datafield>
   <marc:datafield ind1="1" ind2=" " tag="520">
      <marc:subfield code="a">Eltern getrennt, ungewohnte Schule und obendrein noch eine Abfuhr beim lokalen Fußballverein: Moritz hat schon fast alle Hoffnung fahren gelassen, als er in der Penne der Rooftop-Gang begegnet und mit ihr ein neues Streetsoccer-Team auf die Beine stellt, das unkonventionell ist, sich aber mit Moritz' Opa Rudi als Trainer sehen lassen kann. Im Pokalturnier lässt die Mannschaft die favorisierten Gegner alt aussehen, aber dann tauchen Moritz' Eltern und ein alter Rivale von Rudi auf: Das entscheidende Spiel wird kein Zuckerschlecken.</marc:subfield>
   </marc:datafield>
   <marc:datafield ind1="3" ind2=" " tag="024">
      <marc:subfield code="a">5050582775297</marc:subfield>
   </marc:datafield>
</marc:record>
